| 000 | 00666cab a2200193 4500 | ||
|---|---|---|---|
| 001 | L136518 | ||
| 008 | 070205n2007 000 0 eng u | ||
| 035 | _a(Sirsi) u136518 | ||
| 041 | 0 | _aeng | |
| 245 | 0 | 0 | _aCBRE extends lead in agent league |
| 260 | _c2007 | ||
| 490 | 0 | 0 |
_aEstates Gazette _v(0704) 27 January 2007, 41(1) |
| 520 | _aCovers the success of leasing agent CB Richard Ellis in Estates Gazette Interactive's London Office Database league table. Looks at some of the key players and statistics. | ||
| 590 | _aKA | ||
| 650 | 2 | 4 | _aEGI LONDON OFFICE DATABASE |
| 651 | 4 | _aLONDON | |
| 690 | _aPROPERTY-PROPERTY MANAGEMENT-MANAGING AGENTS | ||
| 942 | _n0 | ||
| 999 |
_c78327 _d78327 |
||